000 00996nam a2200277 i 4500
001 000040868
003 DO-SdBNP
005 20260128123620.0
007 ta
008 130910s2003 pr a 000 0 spa d
020 _a0865815879
040 _aDO-SdBNP
_bspa
_cBNPHU
_erda
041 _aspa
082 4 _axxx
_bxxx
_222
100 1 _aRodríguez, Néstor E.,
_d1971-
_eautor
_4aut.
_933201
245 1 3 _aLa isla y su envés :
_brepresentaciones de lo nacional en el ensayo dominicano contemporáneo /
_cNéstor E. Rodríguez ; prólogo, Pedro Cabiya.
264 4 _aSan Juan, Puerto Rico :
_bInstituto de Cultura Puertorriqueña,
_c©2003.
300 _a58 páginas :
_bilustraciones ;
_c19 cm.
336 _atexto
_btxt
_2rdacontent
337 _asin mediación
_bn
_2rdamedia
338 _avolumen
_bnc
_2rdacarrier
586 _aPremio Concha Meléndez de crítica literaria
590 _aInventariado, 2026/BT
700 1 _aCabiya, Pedro,
_d1971-
_eprologuista
_4pr.
_916077
942 _2ddc
_cLBS1
999 _c40358
_d40358